00733nam a2200205 i 450000100060000000300090000600500170001500700030003200800410003510000340007624500970011026000370020730000220024449000260026670000300029283000340032285200320035699900170038895201220040544600ES-MaACL20230906161048.0t|030321s1971 sp ||||1| spa d1 aClerq, Bertrand J. de.93923510aReligión, ideología y política / cBertrand J. de Clerq ; [tradujo: César Hiniesto]. aSalamanca : bSígueme, c1971. a142 p. ; c20 cm.1 aSéptimo sello ; v61 aHiniesto, César.9637600 aSéptimo sello ; v69181767 aES-MaACLjC-39779 bR.76460 c44600d44600 00104070aATENEOMbATENEOMcDEPO2d2008-01-17eSCl0oC-39779p1046942r2023-02-23 00:00:00w2023-02-23yMONOGRAFIA